| 000 | 00363nam a22001457a 4500 | ||
|---|---|---|---|
| 003 | MACL | ||
| 005 | 20190625155746.0 | ||
| 008 | 190625b xxu||||| |||| 00| 0 eng d | ||
| 040 | _cMACL | ||
| 100 |
_aChandra, Neelam Saxena _975544 |
||
| 245 | _aCan I Have This Chance? | ||
| 260 |
_aDelhi _bAuthors Press _c2014 |
||
| 650 |
_aFiction _975545 |
||
| 942 |
_2ddc _cBK |
||
| 999 |
_c60264 _d60264 |
||